00385nam a2200157Ia 4500008004100000020001500041041001200056082001600068100001700084245003500101250000800136260003700144300000800181650001900189700001900208221030s9999 xx 000 0 und d a8178083310 aEnglish a105.23bKap aR. S. Kaplan 0aAdvanced Management Accounting a3rd bPearson EducationaDelhic2003 a798 aMCA Management aA. A. Atkinson